• 首页
  • 本馆介绍
  • 公告通知
  • 最新文献
  • 馆藏检索
  • 电子资源
  • 读者导购
  • 参考咨询
  • 我的图书馆
  • 登录
  • 详细信息显示
  • 放入我的书架
  • 预约/预借图书
  • 作者相关作品
  • 分类相关作品
  • 丛书相关作品
  • 出版社相关作品

书目信息

  • 表格格式
  • 工作单格式
  • 卡片格式
题名:
古罗马的儿童
    
 
作者: 法让-皮埃尔·内罗杜 ;向征 , 张鸿
分册:  
出版信息: 桂林   广西师范大学出版社  38592
页数: 394页
开本: 20cm
丛书名:
单 册:
中图分类: D431.9
科图分类:
主题词: 学生组织 , 学生运动 , 青年运动 , 青年组织
电子资源:
ISBN: 7-5633-5419-0
000 00743nam0 2200241 450
001 0728815141
005 20070819080015.14
010    @a7-5633-5419-0@d¥28.00
100    @a20070819d km y0chiy0120 ea
101 0  @achi
200 1  @a古罗马的儿童@Agu luo ma de er tong@f[法]让-皮埃尔.内罗杜@F[fa]rang-pi ai er.nei luo du@g张鸿,向征@Gzhang hong,xiang zheng
210    @a桂林@c广西师范大学出版社@d38592
215    @a394页@d20cm
606 0  @a学生组织
606 0  @a学生运动
606 0  @a青年运动
606 0  @a青年组织
690    @aD431.9@v3
701  0 @a法让-皮埃尔·内罗杜@Afa rang-pi ai er·nei luo du
702  0 @a向征@Axiang zheng
702  0 @a张鸿@Azhang hong
801  0 @aCN@bPFT@c20070819
905    @a213230@dD431.9@eZW127@f1
    
    古罗马的儿童/[法]让-皮埃尔.内罗杜/张鸿,向征.-桂林:广西师范大学出版社,38592
    394页;20cm
    
    
    ISBN 7-5633-5419-0:¥28.00
    
●
相关链接 在E读中查询图书 在五车中查询图书 在当当中查询图书 在豆瓣中查询图书


正题名:古罗马的儿童     索取号:D431.9/ZW127         预约/预借

序号 登录号 条形码 馆藏地/架位号 状态 备注
1 7601496   276014965   密集书库-文学院/ [索取号:D431.9/ZW127] 在馆    
唐山师范学院图书馆 欢迎您!
大连网信软件有限公司© 版权所有